Orthodontics: Current Principles and Techniques (Record no. 20863)

MARC details
000 -LEADER
fixed length control field 00382nam a22001577a 4500
003 - CONTROL NUMBER IDENTIFIER
control field SGT
020 ## - INTERNATIONAL STANDARD BOOK NUMBER
International Standard Book Number 9788131246979
082 ## - DEWEY DECIMAL CLASSIFICATION NUMBER
Classification number 617.643
Item number O19G
100 ## - MAIN ENTRY--PERSONAL NAME
Personal name Lee W. Graber
245 ## - TITLE STATEMENT
Title Orthodontics: Current Principles and Techniques
250 ## - EDITION STATEMENT
Edition statement First SA
260 ## - PUBLICATION, DISTRIBUTION, ETC. (IMPRINT)
Place of publication, distribution, etc NEW DELHI
Name of publisher, distributor, etc Elsevier India
Year of Publication 2019
300 ## - PAGE DESCRIPTION
No. of Pages 1-1016
650 ## - SUBJECT ADDED ENTRY--TOPICAL TERM
Topical term or geographic name as entry element Orthodontics
942 ## - ADDED ENTRY ELEMENTS (KOHA)
Source of classification or shelving scheme Dewey Decimal Classification
Koha item type Books
942 ## - ADDED ENTRY ELEMENTS (KOHA)
-- 18
Holdings
Withdrawn status Lost status Source of classification or shelving scheme Damaged status Not for loan Home library Current library Shelving location Date acquired Vendor Name Cost, normal purchase price SGTU Bill Number Total Checkouts Full call number Accession No. (Barcode) Date last seen Date last borrowed Bill Date Koha item type
    Dewey Decimal Classification     SGT Dental Library SGT Dental Library Text Book 03/03/2021 AHUJA BOOK COMPANY 6295.00 SGTU 12616 10 617.643 O19G FD8201 23/06/2025 23/06/2025 27/01/2021 Books
    Dewey Decimal Classification     SGT Dental Library SGT Dental Library Text Book 03/03/2021 AHUJA BOOK COMPANY 6295.00 SGTU 12616 7 617.643 O19G FD8202 20/09/2025 08/09/2025 27/01/2021 Books
    Dewey Decimal Classification     SGT Dental Library SGT Dental Library Text Book 03/03/2021 AHUJA BOOK COMPANY 6295.00 SGTU 12616 5 617.643 O19G FD8203 14/11/2024 24/10/2024 27/01/2021 Books